<?xml version="1.0" encoding="UTF-8"?>
<record
    xmlns:xsi="http://www.w3.org/2001/XMLSchema-instance"
    xsi:schemaLocation="http://www.loc.gov/MARC21/slim http://www.loc.gov/standards/marcxml/schema/MARC21slim.xsd"
    xmlns="http://www.loc.gov/MARC21/slim">

  <leader>01090nam a22002537a 4500</leader>
  <controlfield tag="003">SISC</controlfield>
  <controlfield tag="005">20180510130713.0</controlfield>
  <controlfield tag="008">180510b        xxu||||| |||| 00| 0 eng d</controlfield>
  <datafield tag="020" ind1=" " ind2=" ">
    <subfield code="a">9788937420030</subfield>
  </datafield>
  <datafield tag="020" ind1=" " ind2=" ">
    <subfield code="a">9788937420009</subfield>
  </datafield>
  <datafield tag="020" ind1=" " ind2=" ">
    <subfield code="a">8937420031(04810)</subfield>
  </datafield>
  <datafield tag="050" ind1=" " ind2=" ">
    <subfield code="a">PL 969.8 </subfield>
    <subfield code="b">.S66 2005</subfield>
  </datafield>
  <datafield tag="100" ind1=" " ind2=" ">
    <subfield code="a">Son, Chang-Seop,</subfield>
    <subfield code="d">1922-</subfield>
    <subfield code="q">&#xC190;&#xCC3D;&#xC12D;</subfield>
  </datafield>
  <datafield tag="245" ind1=" " ind2=" ">
    <subfield code="a">Superfluous men and other stories = &#xC789;&#xC5EC;&#xC778;&#xAC04; / </subfield>
    <subfield code="c">Written by Son Chang-Seop</subfield>
  </datafield>
  <datafield tag="250" ind1=" " ind2=" ">
    <subfield code="a">Second edition</subfield>
  </datafield>
  <datafield tag="260" ind1=" " ind2=" ">
    <subfield code="a">Shinsa-dong, Gangnam-gu:</subfield>
    <subfield code="b">Minumsa,</subfield>
    <subfield code="c">2005.</subfield>
  </datafield>
  <datafield tag="300" ind1=" " ind2=" ">
    <subfield code="a">376 pages;</subfield>
    <subfield code="c">23 cm.</subfield>
  </datafield>
  <datafield tag="440" ind1=" " ind2=" ">
    <subfield code="a">Today's writer's book = &#xC624;&#xB298;&#xC758; &#xC791;&#xAC00; &#xCD1D;&#xC11C;;</subfield>
    <subfield code="v">no. 3</subfield>
  </datafield>
  <datafield tag="505" ind1=" " ind2=" ">
    <subfield code="a">Contents: Rainy day. -- Holiday. -- Everyday life. -- Unresolved chapter. -- Human zoo. -- Blood pressure. -- The father and daughter. -- The deadline. -- Priestess of God. -- Foam's will. -- Superfluous men. -- Snowboarding. -- Lost dream.</subfield>
  </datafield>
  <datafield tag="650" ind1=" " ind2=" ">
    <subfield code="2">Library of Congress Subject Headings</subfield>
    <subfield code="a">Korea</subfield>
    <subfield code="v">Fiction</subfield>
  </datafield>
  <datafield tag="650" ind1=" " ind2=" ">
    <subfield code="2">Library of Congress Subject Headings</subfield>
    <subfield code="a">Korean literature</subfield>
  </datafield>
  <datafield tag="942" ind1=" " ind2=" ">
    <subfield code="2">lcc</subfield>
    <subfield code="c">BK</subfield>
  </datafield>
  <datafield tag="999" ind1=" " ind2=" ">
    <subfield code="c">356400</subfield>
    <subfield code="d">356400</subfield>
  </datafield>
  <datafield tag="952" ind1=" " ind2=" ">
    <subfield code="0">0</subfield>
    <subfield code="1">0</subfield>
    <subfield code="2">lcc</subfield>
    <subfield code="4">0</subfield>
    <subfield code="a">LUX</subfield>
    <subfield code="b">LUX</subfield>
    <subfield code="c">IB</subfield>
    <subfield code="d">2018-05-10</subfield>
    <subfield code="e">Library Fund</subfield>
    <subfield code="l">0</subfield>
    <subfield code="o">PL 969.8  .S66 2005</subfield>
    <subfield code="p">IB0268</subfield>
    <subfield code="r">2018-05-10 00:00:00</subfield>
    <subfield code="t">1</subfield>
    <subfield code="w">2018-05-10</subfield>
    <subfield code="y">BK</subfield>
  </datafield>
  <datafield tag="952" ind1=" " ind2=" ">
    <subfield code="0">0</subfield>
    <subfield code="1">0</subfield>
    <subfield code="2">lcc</subfield>
    <subfield code="4">0</subfield>
    <subfield code="a">LUX</subfield>
    <subfield code="b">LUX</subfield>
    <subfield code="c">IB</subfield>
    <subfield code="d">2018-05-10</subfield>
    <subfield code="e">Library Fund</subfield>
    <subfield code="l">0</subfield>
    <subfield code="o">PL 969.8  .S66 2005</subfield>
    <subfield code="p">IB0269</subfield>
    <subfield code="r">2018-05-10 00:00:00</subfield>
    <subfield code="t">2</subfield>
    <subfield code="w">2018-05-10</subfield>
    <subfield code="y">BK</subfield>
  </datafield>
  <datafield tag="952" ind1=" " ind2=" ">
    <subfield code="0">0</subfield>
    <subfield code="1">0</subfield>
    <subfield code="2">lcc</subfield>
    <subfield code="4">0</subfield>
    <subfield code="a">LUX</subfield>
    <subfield code="b">LUX</subfield>
    <subfield code="c">IB</subfield>
    <subfield code="d">2018-05-10</subfield>
    <subfield code="e">Library Fund</subfield>
    <subfield code="l">1</subfield>
    <subfield code="o">PL 969.8  .S66 2005</subfield>
    <subfield code="p">IB0270</subfield>
    <subfield code="r">2024-04-29 00:00:00</subfield>
    <subfield code="s">2024-04-29</subfield>
    <subfield code="t">3</subfield>
    <subfield code="w">2018-05-10</subfield>
    <subfield code="y">BK</subfield>
  </datafield>
</record>
